000 01042nam a2200289 a 4500
001 BRCA_5403
005 20190320205049.0
008 770524s1937 nyua######---#001-0#eng-#
041 _aeng
044 _anyu
050 4 _aND813.R52
_b.T73 1937
100 1 _aTrapier, Elizabeth du Gué
_913810
245 1 0 _aMartin Rico y Ortega
_bin the collection of the Hispanic Society of America
_cby Elizabeth Du Gué Trapier
260 _aNueva York
_bOrder of the Trustees
_c1937
300 _a44 p.
_bil., 287 láminas
_c19 cm.
440 0 _aHispanic notes & monographs: essays, studies, and brief biographies issued by the Hispanic Society of America
_97657
500 _aIncluye índice alfabético
500 _aM21
504 _aBibliografía: p. 33-35
600 1 4 _aRico y Ortega, Martín
_d1833-1908
_913811
650 1 4 _aPintores españoles
_97620
650 1 4 _aPinturas españolas
_97789
650 1 4 _aGalerías y museos
_zEstados Unidos
_97437
710 2 _aThe Hispanic Society of America
_910966
902 _aGFM
942 _2lcc
_cB
999 _c5097
_d5097